000 00687nam a22001817a 4500
999 _c13820
_d13820
008 190422b ||||| |||| 00| 0 eng d
020 _a9781119270348
082 _22016
_aAV-Eb 658.473
_bV945
100 _aVona,Leonard W.
_938418
245 _aFraud data analytics methodology:
_bthe fraud scenario approach to uncovering fraud in core business systems /
_cLeonard W. Vona
260 _bJohn Wiley & Sons, Incorporated,
_c©2016.
300 _a403 pages;
440 _aWiley Corporate F&a Ser.
_938001
500 _aIncludes index.
650 _aAuditing.
_938419
856 _yhttps://ebookcentral.proquest.com/lib/uniofmindanao-ebooks/detail.action?docID=4771464
942 _2ddc
_cEB